Economic survey : 1998-1999 (Record no. 13106)
[ view plain ]
| 000 -LEADER | |
|---|---|
| fixed length control field | 00286nam a2200109Ia 4500 |
| 082 ## - DEWEY DECIMAL CLASSIFICATION NUMBER | |
| Classification number | RR 330.954 ECO- |
| 245 #0 - TITLE STATEMENT | |
| Title | Economic survey : 1998-1999 |
| 260 ## - PUBLICATION, DISTRIBUTION, ETC. (IMPRINT) | |
| Place of publication | New Delhi |
| 650 ## - SUBJECT ADDED ENTRY--TOPICAL TERM | |
| Topical Term | India |
| Form subdivision | Economic conditions |
| 710 ## - ADDED ENTRY--CORPORATE NAME | |
| Corporate name or jurisdiction name as entry element | India, Ministry of Finance, Economic Division |
| 942 ## - ADDED ENTRY ELEMENTS (KOHA) | |
| Koha item type | Books |
| Source of classification or shelving scheme | Dewey Decimal Classification |
| Withdrawn status | Lost status | Damaged status | Not for loan | Home library | Current library | Date acquired | Full call number | Accession Number | Price effective from | Koha item type | Collection code | Bill Date |
|---|---|---|---|---|---|---|---|---|---|---|---|---|
| NASSDOC Library | NASSDOC Library | 08/06/2004 | RR 330.954 ECO- | 512 | 18/04/2019 | Books | ||||||
| NASSDOC Library | NASSDOC Library | 22/08/2016 | RR 330.954 ECO- | D000512 | 18/04/2019 | Books | Docas Books | 2005-02-11 |
